| 000 | 01197 a2200253 4500 | ||
|---|---|---|---|
| 001 | 123636 | ||
| 020 | _a8589020037 | ||
| 040 | _cEscola Canadense de Niteroi | ||
| 090 | _aBOJ | ||
| 100 | _aBojunga, Lygia | ||
| 245 | 1 | 0 | _aA bolsa amarela |
| 250 | _a35. ed. | ||
| 260 | _aRio de Janeiro | ||
| 300 |
_a140 p. _bil. |
||
| 362 | 0 | _a2015 | |
| 520 | _aÉ o romance de uma menina que entra em conflito consigo mesma e com a família ao reprimir três grandes vontades (que ela esconde numa bolsa amarela). A partir dessa revelação- por si mesma uma contestação à estrutura familiar tradicional em cujo meio criança não tem vontade. Essa menina sensível e imaginativa nos conta o seu dia-a-dia, juntando o mundo real da família ao mundo criado por sua imaginação fértil e povoado de amigos secretos e fantasias. Ao mesmo tempo que se sucedem episódios reais e fantásticos, uma aventura espiritual se processa, e a menina segue rumo à sua afirmação como pessoa. | ||
| 650 | 4 | _aLiteratura Infanto Juvenil | |
| 650 | 4 | _aImaginação | |
| 650 | 4 | _aAutoconhecimento | |
| 650 | 4 | _aLiteratura Brasileira | |
| 650 | 4 | _aMudanças | |
| 650 | 4 | _aFicção Realista | |
| 942 | _cBK | ||
| 999 |
_c123636 _d123636 |
||